| 000 | 01689 a2200277 4500 | ||
|---|---|---|---|
| 003 | Nust | ||
| 005 | 20221210112947.0 | ||
| 010 | _a 2005272339 | ||
| 020 | _a0470854340 | ||
| 035 | _a(OCoLC)ocm57202615 | ||
| 040 | _cNust | ||
| 082 | 0 | 4 | _a621.382,UTA |
| 100 | 1 |
_aUtas, Greg. _9104603 |
|
| 245 | 1 | 0 |
_aRobust communications software : _bextreme availability, reliability and scalability for carrier-grade systems / _cGreg Utas. |
| 260 |
_aChichester ; _aHoboken, NJ : _bJohn Wiley & Sons, _cc2005. |
||
| 300 |
_axvii, 331 p. : _bill. ; _c25 cm. |
||
| 505 | _aIntroduction (Page-1), Overview (Page-15), Object Orientation (Page-27), Using Objects Effectively (Page-35), Scheduling Threads (Page-77), Distributing Work (Page-105), Protecting Against Software Faults (Page-119), Recovering From Software Faults (Page-131), Messaging (Page-175), Overload Controls (Page-203), Failover (Page-213), Software Installation (Page-225), System Operability (Page-235), Software Operability (Page-253), Debugging In The Field (Page-257), Managing Capacity (Page-271), Staging Carrier Grade Software (Page-279), Assessing Carrier Grade Software (Page-287). | ||
| 650 | 0 |
_aComputer software _xDevelopment. _918022 |
|
| 650 | 0 |
_aEmbedded computer systems. _917999 |
|
| 650 | 0 | _aTelecommunication Engineering | |
| 650 | 0 |
_aTelecommunication systems. _921843 |
|
| 856 | 4 | 2 |
_3Contributor biographical information _uhttp://www.loc.gov/catdir/enhancements/fy0626/2005272339-b.html |
| 856 | 4 | 2 |
_3Publisher description _uhttp://www.loc.gov/catdir/enhancements/fy0626/2005272339-d.html |
| 856 | 4 | 2 |
_3Table of contents only _uhttp://www.loc.gov/catdir/enhancements/fy0626/2005272339-t.html |
| 942 |
_2ddc _cBK |
||
| 999 |
_c178671 _d178671 |
||